| 000 | 00000nam 2200000zi 4500 |
| 001 | 9.893008 |
| 003 | CaOODSP |
| 005 | 20221107173327 |
| 006 | m o d f |
| 007 | cr cn||||||||| |
| 008 | 201029s2020 onca ob f000 0 fre d |
| 040 | |aCaOODSP|bfre|erda|cCaOODSP |
| 043 | |an-cn--- |
| 045 | |ay0y1 |
| 086 | 1 |aYN5-202/2020F-PDF |
| 245 | 00|aSoutien fédéral : |bprincipaux transferts aux gouvernements provinciaux et territoriaux. |
| 264 | 1|a[Ottawa] : |bBureau du Directeur parlementaire du budget = Office of the Parliamentary Budget Officer, |c2020. |
| 300 | |a1 ressource en ligne (29 pages) : |billustrations en couleur |
| 336 | |atexte|btxt|2rdacontent/fre |
| 337 | |ainformatique|bc|2rdamedia/fre |
| 338 | |aressource en ligne|bcr|2rdacarrier/fre |
| 500 | |aPublié aussi en anglais sous le titre : Federal support through major transfers to provincial and territorial governments. |
| 500 | |a« 03 septembre 2020. » |
| 504 | |aComprend des références bibliographiques. |
| 520 | |a« Le Transfert canadien en matière de santé (TCS) et le Transfert canadien en matière de programmes sociaux (TCPS) ont été créés afin d'aider les provinces et les territoires à faire face à leurs dépenses dans des secteurs donnés. Les paiements de péréquation, qui sont inscrits dans la Constitution, visent à réduire les disparités entre provinces liées à leur capacité fiscale. … Ce rapport examine la relation entre les paiements fédéraux au titre du TCS et du TCPS et les programmes provinciaux et territoriaux pour lesquels ces transferts ont été créés ou qu'ils ciblent. En ce qui a trait à la péréquation, il examine la contribution du gouvernement fédéral à l'équilibrage des capacités fiscales provinciales afin de savoir si le programme les surcompense ou les sous-compense » -- Résumé, page 1. |
| 650 | 6|aPaiements de transfert|zCanada. |
| 650 | 6|aRelations fiscales fédérales-provinciales (Canada) |
| 710 | 1 |aCanada. |bBureau du Directeur parlementaire du budget, |eorganisme de publication. |
| 775 | 08|tFederal support through major transfers to provincial and territorial governments.|w(CaOODSP)9.891505 |
| 856 | 40|qPDF|s4.06 Mo|uhttps://publications.gc.ca/collections/collection_2020/dpb-pbo/YN5-202-2020-fra.pdf |